000 00565nam a2200181Ia 4500
999 _c3369
_d3369
003 GBCCL
005 20241126110453.0
008 171127b xxu||||| |||| 00| 0 eng d
020 _a81-900849-2-5
040 _cGBC
082 _a248.844
_bWOO
100 _aWood, Beulah
_91994
245 2 _aA case of Bible marriages:
_bTen studies for groups or couples on the decision-making of Bible husbands and wives /
_cBeulah Wood
260 _bSAIACS Publications,
_aBangalore:
_c2002
300 _a39p.;
_c20 cm.
650 _aChristian Marriage
_96881
942 _2ddc
_cBK
_013